Ús didàctic del vídeo / Antonio R. Bartolomé Pina
Descripción Física:
48 f. ; 30 cm
Materias:
Ensenyament audiovisual
MARC
| LEADER | 00000nam a2200000Ia 4500 | ||
|---|---|---|---|
| 001 | 2006 | ||
| 008 | 160829s9999 xx 000 0 cat d | ||
| 080 | |a E-1-7 | ||
| 100 | |a Bartolomé, Antonio R. |9 30002 | ||
| 245 | |a Ús didàctic del vídeo / Antonio R. Bartolomé Pina | ||
| 260 | |a Barcelona : |b Diputació de Barcelona. Servei d'Ensenyament i Investigació, [198 - ?] | ||
| 300 | |a 48 f. ; |c 30 cm | ||
| 650 | |a Ensenyament audiovisual |9 34047 | ||
| 710 | 1 | |a Barcelona (Catalunya : Província). |b Servei d'Ensenyament i Investigació |9 54366 | |
| 901 | |a Arxiu | ||
| 942 | |n 1 | ||
| 952 | |0 0 |1 0 |4 0 |6 E17 |7 1 |9 45208 |a Arxiu |b Arxiu |d 2016-12-01 |l 0 |o E-1-7 |p 2006 |r 2016-12-01 00:00:00 |w 2016-12-01 |y ARXIU | ||
| 999 | |c 48280 |d 48280 | ||